Ed Sheeran Difficult Lyric Quiz - Statistics

General Stats
  • This quiz has been taken 77 times
  • The average score is 7 of 13
Answer Stats
Hint Answer % Correct
She was Nancy Mulligan, I was _______ _______ (Nancy Mulligan - Divide) William Sheeran
84%
I went a way for months, until our paths _______ _____(Don't - X) crossed again
75%
I know ____ may change the way you think of us (Overpass Graffiti - =) time
70%
I'll be taking my time, Spending my ____ falling deeper in love with you(How Would You Feel - Divide) life
67%
The way it brings out the ____ __ ____ ____ Is the Tenerife sea (Tenerife Sea - X) blue in your eyes
63%
And I keep you sheltered from the storm that's ______ on now (Lego House - +) raging
63%
We get _______ food in small white boxes (American town - Autumn variations) Chinese
51%
If you feel you're falling, Won't you ___ __ ____?(Sing - X) let me know
51%
Ain't got a soapbox I can stand upon, But God gave me a _____, a ______ and a ____ (What do I know? - Divide) stage guitar song
49%
When I'm home, I'll ____ you like I'm supposed to (The Hills of Aberfeldy - -) hold
44%
But I know that I never wanna settle down, Come around, break up the love like ____ ___ (UNI - +) Lego now
37%
Is it that it's over or do _____ still sing for you (Autumn leaves - +) birds
35%
And you know I stay trippin', am I crazy? Oh no, I'm sticking with my baby ___ ____ (Cross me - No.6 Collaborations Project) for sure
21%
No matching quizzes found
Score Distribution
Percent of People with Each Score
Percentile by Number Answered
Your Score History
You have not taken this quiz